Podział administracyjny Monako - Statystyki

Ogólne statystyki
  • Ten quiz został rozwiązany 20 razy
  • Średni wynik to 1 z 9
Statystyki odpowiedzi
Osiedle lub Sektor % Poprawnych
Monte Carlo
73%
Monaco-Ville
36%
La Rousse
18%
La Condamine
9%
Fontvieille
0%
Jardin exotique
0%
Larvotto
0%
Moneghetti
0%
Ravin de Saint-Dévote
0%
Nie znaleziono quizów pasujących do podanych kryteriów
Rozkład punktacji
Procent ludzi z każdym wynikiem
Percentyl według liczby udzielonych odpowiedzi
Twoja historia wyników
Nie rozwiązałeś tego quizu